David Lloyd George : Great Britain /

Bibliographic Details
Main Author: Sharp, Alan, 1943-
Format: Book
Language:English
Published: London : Haus Publishing, 2008.
Series:Makers of the modern world.
Subjects:

MARC

Tag First Indicator Second Indicator Subfields
LEADER 00000cam a2200000Ia 4500
001 in00002480909
005 20151110041741.0
008 080330s2008 enkabc b 001 0 eng d
020 |a 9781905791613 
020 |a 1905791615 
035 |a (OCoLC)ocn216939839 
040 |a BTCTA  |c BTCTA  |d BWX  |d OUN  |d UtOrBLW 
049 |a TXAM 
090 |a DA566.9.L5  |b S48 2008 
100 1 |a Sharp, Alan,  |d 1943- 
245 1 0 |a David Lloyd George :  |b Great Britain /  |c Alan Sharp. 
264 1 |a London :  |b Haus Publishing,  |c 2008. 
300 |a x, 275 pages :  |b illustrations, maps, portraits ;  |c 21 cm. 
336 |a text  |b txt  |2 rdacontent 
337 |a unmediated  |b n  |2 rdamedia 
338 |a volume  |b nc  |2 rdacarrier 
490 1 |a Makers of the modern world 
504 |a Includes bibliographical references (pages 258-265) and index. 
600 1 0 |a Lloyd George, David,  |d 1863-1945. 
611 2 0 |a Paris Peace Conference  |d (1919-1920) 
650 0 |a History, Modern  |y 20th century. 
651 0 |a Great Britain  |x History  |y George V, 1910-1936. 
830 0 |a Makers of the modern world. 
945 |a PromptCat  |b 602101 
946 |a stk 
947 |a A14837424070 
948 |a cataloged  |b h  |c 2009/1/26  |d c  |e dmitchel  |f 1:10:20 pm 
994 |a 92  |b TXA 
999 |a MARS 
999 f f |s 9f5c441b-4145-320b-96d9-3e70120806f4  |i 1ad38cca-0bb1-348f-83e2-d9e78b86fa8d  |t 0 
952 f f |p normal  |a Texas A&M University  |b College Station  |c Sterling C. Evans Library  |d Evans: Library Stacks  |t 0  |e DA566.9.L5 S48 2008  |h Library of Congress classification  |i unmediated -- volume  |m A14837424070 
998 f f |a DA566.9.L5 S48 2008  |t 0  |l Evans: Library Stacks